|
|
|
|
| LEADER |
00000cam a2200000 a 4500 |
| 001 |
vtls001484282 |
| 003 |
SK-MaSNL |
| 005 |
20260301074057.0 |
| 008 |
240226s2004 xo grn 000 0 slo |
| 015 |
|
|
|a SNBA2005/10-03685
|
| 020 |
|
|
|a 8089039537
|
| 035 |
|
|
|a SNK000439576
|
| 035 |
|
|
|a urn:nbn:sk:snk-am3iy7l
|
| 035 |
|
|
|a 43370107-5461-4673-A9C2-4F1F98B2E3D1
|
| 035 |
|
|
|a urn:nbn:sk:snk-am00g4l0
|
| 040 |
|
|
|a SNK
|b slo
|c SNK
|e AACR2
|
| 041 |
0 |
|
|a slo
|
| 044 |
|
|
|a xo
|c SK
|
| 072 |
|
7 |
|a 783
|x Cirkevná hudba. Duchovná hudba. Náboženská hudba
|2 konspekt
|
| 080 |
|
|
|a 27-528:783.2
|x (035)
|2 1997
|
| 080 |
|
|
|a 783.2
|2 2011
|
| 080 |
|
|
|a 27-535
|2 2011
|
| 080 |
|
|
|a (048.8)
|2 2011
|
| 080 |
|
|
|a 2-528
|2 2011
|
| 100 |
1 |
|
|a Konečný, Anton,
|d 1944-
|4 aut
|9 104733
|
| 245 |
1 |
0 |
|a Liturgika pre hudobníkov
|c Anton Konečný
|
| 250 |
|
|
|a [1. vyd.]
|
| 260 |
|
|
|a Ružomberok
|b Katolícka univerzita
|c 2004
|
| 300 |
|
|
|a 74 strán
|c 21 cm
|
| 490 |
1 |
|
|a Studia Scientifica Facultatis Paedagogicae
|v č. 20
|
| 504 |
|
|
|a Bibliografia na strane 73-74. Skratky
|
| 650 |
0 |
7 |
|a liturgika
|2 SNKPH
|9 67064
|
| 650 |
0 |
7 |
|a liturgická hudba
|2 SNKPH
|9 1750
|
| 650 |
0 |
7 |
|a duchovná hudba
|2 SNKPH
|9 1749
|
| 650 |
0 |
7 |
|a liturgické spevy
|2 SNKPH
|9 3408
|
| 655 |
|
7 |
|a monografie
|2 SNKPH
|9 70139
|
| 810 |
2 |
|
|a Katolícka univerzita v Ružomberku.
|b Pedagogická fakulta
|t Studia Scientifica Facultatis Paedagogicae
|9 305510
|
| 919 |
|
|
|a 80-89039-53-7
|
| 958 |
|
|
|a NB
|
| 958 |
|
|
|a NT
|
| 958 |
|
|
|a OND
|
| 999 |
|
|
|c 646147
|d 648077
|
| 952 |
|
|
|t P60, <03>, [BOOK], {603}, -B-
|a SNK
|b SNK
|y PREZ
|7 0
|p 17A0449679
|o snkSC 117767
|i snkKSP 13921/2004
|0 0
|1 0
|4 0
|d 2004-10-28
|f 1
|l 0
|r 2025-10-07 00:00:00
|w 2026-02-23
|
| 952 |
|
|
|t P60, <04>, [BOOK], {604}
|a SNK
|b SNK
|y VYP
|7 0
|p 17A0449680
|o snkSC 117767 D1
|i snkKSP 13922/2004
|0 0
|1 0
|4 0
|d 2004-10-28
|l 0
|r 2005-01-02 00:00:00
|w 2026-02-23
|